Employee support and interaction are the keys to an SPC program.

Skúsenosti firmy na výrobu chromatografov a spektrometrov v uplatnení štatistického riadenia procesov ako nástroja komunikácie pri riešení problémov akosti medzi podnikovými útvarmi a medzi zamestnancami a vedením. Popis krokov a školení k identifikácii a riešeniu výrobných problémov v praxi. Konkré...

Ausführliche Beschreibung

Gespeichert in:
Bibliographische Detailangaben
1. Verfasser: Stone, E.P
Format: Buchkapitel
Sprache:Englisch
Schlagworte:
Tags: Tag hinzufügen
Keine Tags, Fügen Sie das erste Tag hinzu!

MARC

LEADER 00000naa a2200000 4500
001 r007330
005 20221213084353.6
041 0 |a eng 
044 |a US 
245 1 0 |a Employee support and interaction are the keys to an SPC program.  |c E.P. Stone 
520 |a Skúsenosti firmy na výrobu chromatografov a spektrometrov v uplatnení štatistického riadenia procesov ako nástroja komunikácie pri riešení problémov akosti medzi podnikovými útvarmi a medzi zamestnancami a vedením. Popis krokov a školení k identifikácii a riešeniu výrobných problémov v praxi. Konkrétne problémy vo výrobe, ktoré boli odhalené a vyriešené za použitia štatistickej kontroly procesov. Rast produktivity a pokles nepodarkovosti. 
610 2 0 |a riadenie podnikové 
610 2 0 |a štatistika 
610 2 0 |a zamestnanci 
610 2 0 |a vedenie 
610 2 0 |a komunikácia 
610 2 0 |a kvalita 
610 2 0 |a útvary podnikové 
610 2 0 |a výroba 
610 2 0 |a kvalita výrobkov 
610 2 0 |a metódy riadenia 
610 2 0 |a metódy štatistické 
100 1 |a Stone, E.P.